Todo cuanto amé /

Guardado en:
Detalles Bibliográficos
Autor principal: Hustvedt, Siri (autor)
Formato: Libro
Idioma:Español
Publicado: México : Seix Barral, 2018, c2018
Colección:(Biblioteca Formentor)
Temas:
Etiquetas: Agrega una etiqueta
Sin etiquetas, Sé el primero en etiquetar este registro!

MARC

LEADER 00000nam^a2200000^a^4500
001 000410032
005 20250521000000.0
009 20260310122037.485
020 |a 978-607-07-5334-3 
037 |a Acervo ITESO - Biblioteca 
041 |a ESP 
082 |a 813.  |b HUS 
100 |a Hustvedt, Siri  |e (autor) 
245 1 0 |a Todo cuanto amé /  |c S. Hustvedt ; tr. por Gian Castelli. 
264 4 |a México :  |b Seix Barral,  |c 2018, c2018 
300 |a 491 p. 
336 |a texto  |b txt  |2 rdacontenido 
337 |a sin mediación  |b n  |2 rdamedio 
338 |a volumen  |b nc  |2 rdasoporte 
440 1 |a (Biblioteca Formentor) 
500 |a Traducción de: What I Loved 
586 |a Premio Príncipe de Asturias de las Letras 2019 
649 |a XX 
650 |a Novela Norteamericana 
650 |a Literatura Norteamericana -  |y Siglo XXI 
650 |a Literatura de Mujeres -  |z EUA 
910 |a Fondo General 
920 |a Impresos - Libros 
930 |a Colección General 
940 |a Literatura 
905 |a 101 
901 |a 0500311962  |b IT1  |c LIT  |i C163152  |u 20250521 
902 |a https://opac.biblio.iteso.mx/vufind/Record/000410032